000 00759nam a2200229Ia 4500
001 18063
003 GE_BSU
008 181216s||||||||xx |||||||||||||| ||und||
040 _cGE_BSU
080 _a81 + 811.353.1
100 _aძიძიგური, შ.
245 _aსაენათმეცნიერო საუბრები
245 _cმხატვ. მ.თუშმალიშვილი
260 _aთბილისი
260 _bმეცნიერება
260 _c1975
300 _a221გვ. ; 22სმ.
653 _aენათმეცნიერება
653 _aსაენათმეცნიერო საუბრები
653 _aქართული ენა
942 _cBK
999 _c51106
_d51106